LEADER 01148nam a2200253 i 4500 001 991003630169707536 008 190325s1932 b 000 0 lat d 035 $ab14362879-39ule_inst 040 $aDip. di Studi Umanistici$bita 100 1 $aPlautus, Titus Maccius$0166580 240 10$aMercator$919611 245 00$aPlauti Mercator /$ccum prolegomenis, notis criticis, commentario exegetico edidit P. J. Enk 264 1$aLugduni Batavorum :$bA. W. Sijthoff,$c1932 300 $a2 v. ;$c25 cm 504 $aContiene riferimenti bibliografici. Indice 505 0 $aPars prior: Prolegomena et textum continens - pars altera: commentarium continens 700 1 $aEnk, Peter Johann 907 $a.b14362879$b05-09-19$c25-03-19 912 $a991003630169707536 945 $aLE007 870.1 Plautus 1932-01$cv. 1$g1$i2007000294901$lle007$nLE007 2019 Pregresso$o-$pE0.00$q-$rl$s- $t0$u0$v0$w0$x0$y.i15884946$z25-03-19 945 $aLE007 870.1 Plautus 1932-01$cv. 2$g1$i2007000294918$lle007$o-$pE0.00$q-$rl$s- $t0$u0$v0$w0$x0$y.i15884958$z25-03-19 996 $aMercator$919611 997 $aUNISALENTO 998 $ale007$b25-03-19$cm$da $e-$flat$gne $h0$i0 LEADER 00976nam0 22002651i 450 001 UON00349095 005 20231205104333.588 100 $a20091204d1974 |0itac50 ba 101 $aita 102 $aIT 105 $a|||| 1|||| 200 1 $aVirginia Woolf$fQuentin Bell 210 $aMilano$cGarzanti$d1974 215 $a555 p.$d22 cm. 606 $aWOOLF VIRGINIA$3UONC039609$2FI 620 $aIT$dMilano$3UONL000005 676 $a820.09$cLetteratura inglese e in antico inglese. Storia, descrizione, studi critici$v21 700 1$aBELL$bQuentin$3UONV120744$0168544 712 $aGarzanti$3UONV245790$4650 801 $aIT$bSOL$c20240220$gRICA 899 $aSIBA - SISTEMA BIBLIOTECARIO DI ATENEO$2UONSI 912 $aUON00349095 950 $aSIBA - SISTEMA BIBLIOTECARIO DI ATENEO$dSI Angl VI B WOO BEL $eSI SI 7820 5 996 $aVirginia Woolf : a biography$916640 997 $aUNIOR